000 00778nam a2200253 i 4500
003 DO-SdBNP
005 20260205095135.0
007 ta
008 260205b2015 dr c|||| |||| 00| 0 spa d
040 _aDO-SdBNP
_bspa
_cBNPHU
_erda
041 _aspa
049 _aBNPD
082 4 _axxx
_bxxx
_222
111 2 _aFestival musical de Santo Domingo
_d(2007:
_cSanto Domingo
_n7 de marzo)
_956232
245 1 0 _aFestival musical de Santo Domingo
264 1 _aSanto Domingo :
_bMinisterio de Cultura;
_bFundación Sinfonía,
_c2015.
300 _a[16] páginas :
_bretratos ;
_c21 cm.
336 _atexto
_btxt
_2rdacontent
337 _asin mediación
_bn
_2rdamedia
338 _avolumen
_bnc
_2rdacarrier
590 _aInventariado, 2026/BT
910 _aBtavárez
942 _2ddc
_cLF2
999 _c60233
_d60233